| 000 | 01216nam a22002297a 4500 | ||
|---|---|---|---|
| 999 |
_c57258 _d57258 |
||
| 003 | Ge_BSU | ||
| 005 | 20200129110813.0 | ||
| 008 | 200129s2018 ge ||||| |||| 00| 0 geo d | ||
| 020 | _a9789941807732 | ||
| 041 | _ageo | ||
| 080 | _a349.6(479.22) ყ-23 | ||
| 100 |
_aყალიჩავა, კობა. _96479 |
||
| 245 |
_aგარემოს დაცვის სამართალი = Umweltrecht : _bმონოგრაფია / _c კობა ყალიჩავა ; სამეცნ. რედ. პაატა ტურავა ; |
||
| 264 |
_aთბილისი : _b"სამშობლო", _c2018. |
||
| 300 |
_a352 გვ. ; _c24 სმ. |
||
| 504 | _aბიბლიოგრაფია ტექსტის შენიშვნებში და გვ. 334-352 | ||
| 653 | _aგარემოს დაცვის სამართალი | ||
| 653 | _aსამართალი | ||
| 700 |
_aტურავა , პაატა _eსამეცნიერო რედაქტორი _93298 |
||
| 710 |
_eშოთა რუსთაველის ეროვნული სამეცნიერო ფონდი _96480 |
||
| 942 |
_2udc _cBK |
||